00471 2200181 4500001002100000005001500021035002000036245005700056100002400113260001900137300002600156020002200182084001400204082000800218650001000226008004100236990001200277INLIS00000000000271320251007091937 a0010-09250000601 aWujudkan Tulisan Menjadi Buku /cAhmad Faizin Karimi aAhmad Faizin Karimi aJakarta,c2018 a150 ;c(14,5 x 21 cm) a978-602-6847-76-8 a000 AHM w a000 4aFiksi251007 0  a0754915